01565nab a22002417a 4500999001500000003000400015005001700019008004100036040000700077100003500084245017800119260007300297300001300370500003500383505054900418505008100967650002301048650003201071650002301103650002701126773015701153942001301310 c6443d6443OSt20260204095406.0190429b xxu||||| |||| 00| 0 spa d cPJ 97068aGorini, Franco Nicolás10aImprescriptibilidad de los delitos de funcionarios públicos y su tratamiento en la jurisprudencia nacional. Luces y sombras de un debate actual /cFranco Nicolás Gorini. cCiudad Autónoma de Buenos Aires :aThomson Reuters La Ley, b2024. ap. 87-94 aCita Online: AR/DOC/2686/2024. aSumario: I. Introducción.— II. La corrupción como delito y sus consecuencias sobre los derechos humanos.— III. Notas sobre el instituto de la prescripción penal.— IV. El concepto de funcionario público.— V. El tratamiento de la imprescriptibilidad de la corrupción en el derecho comparado.— VI. El tratamiento de la imprescriptibilidad de los delitos de corrupción en la jurisprudencia nacional.— VII. Una referencia inexcusable: el debate parlamentario sobre el texto constitucional.— VIII. A modo de conclusión.  tSi te interesa el texto completo, solicitalo a koha@justierradelfuego.gov.ar 09343aDERECHO PENAL 091496aFUNCIONARIOS PUBLICOS 092910aCORRUPCIÓN 09234aDERECHO COMPARADO0 0265893164tRevista de derecho penal y criminología. Nº 1 - Febrero 2024dCiudad Autónoma de Buenos Aires : Thomson Reuters La Ley, 2017-x00347914 2udccANA